Nationalism.

Bibliographic Details
Main Author: Kedourie, Elie
Format: Book
Language:English
Published: London : Hutchinson University Library, [1961]
Subjects:

MARC

Tag First Indicator Second Indicator Subfields
LEADER 00000cam a2200000 i 4500
001 in00000058691
005 20151008050450.0
008 790711s1961 enk b 00010 eng d
035 |a (OCoLC)05160260 
035 |9 AAG1188AM 
040 |a XFM  |c XFM  |d TXA  |d UtOrBLW 
049 |a TXAM  |c [331413] 
090 |a JC311  |b .K37 1961 
092 |a 320.158  |b K25n, 1961 
100 1 |a Kedourie, Elie. 
245 1 0 |a Nationalism. 
264 1 |a London :  |b Hutchinson University Library,  |c [1961] 
300 |a 151 pages 
336 |a text  |b txt  |2 rdacontent 
337 |a unmediated  |b n  |2 rdamedia 
338 |a volume  |b nc  |2 rdacarrier 
500 |a "Further reading" : pages 141-145. 
500 |a Second edition. 
650 0 |a Nationalism. 
999 |a MARS 
999 f f |s 6a626135-7d5d-3daa-879e-37050f2548e0  |i 125d38b7-835c-35e5-897e-db7a8a5fe064  |t 0 
952 f f |p ric  |a Texas A&M University  |b Rellis Campus  |c Joint Library Facility  |d Remote Storage  |t 0  |e JC311 .K37 1961  |h Library of Congress classification  |i unmediated -- volume  |m A14800658541 
998 f f |a JC311 .K37 1961  |t 0  |l Remote Storage